<?xml version="1.0" encoding="UTF-8"?>
<record
    xmlns:xsi="http://www.w3.org/2001/XMLSchema-instance"
    xsi:schemaLocation="http://www.loc.gov/MARC21/slim http://www.loc.gov/standards/marcxml/schema/MARC21slim.xsd"
    xmlns="http://www.loc.gov/MARC21/slim">

  <leader>00373nem a22001577a 4500</leader>
  <controlfield tag="005">20250113141233.0</controlfield>
  <controlfield tag="008">190722b        xxu||||| |||| 00| 0 spa d</controlfield>
  <datafield tag="041" ind1=" " ind2=" ">
    <subfield code="a">ESP/ENG</subfield>
  </datafield>
  <datafield tag="082" ind1=" " ind2=" ">
    <subfield code="a">Mapas tur&#xED;sticos</subfield>
  </datafield>
  <datafield tag="245" ind1=" " ind2=" ">
    <subfield code="a">Mapa tur&#xED;stico</subfield>
  </datafield>
  <datafield tag="260" ind1=" " ind2=" ">
    <subfield code="a">Costa Rica</subfield>
  </datafield>
  <datafield tag="650" ind1=" " ind2=" ">
    <subfield code="a">MATERIAL DID&#xC1;CTICO</subfield>
  </datafield>
  <datafield tag="650" ind1=" " ind2=" ">
    <subfield code="a">COSTA RICA</subfield>
  </datafield>
  <datafield tag="650" ind1=" " ind2=" ">
    <subfield code="a">MAPA TUR&#xCD;STICO</subfield>
  </datafield>
  <datafield tag="942" ind1=" " ind2=" ">
    <subfield code="c">MP</subfield>
    <subfield code="2">ddc</subfield>
  </datafield>
  <datafield tag="999" ind1=" " ind2=" ">
    <subfield code="c">12186</subfield>
    <subfield code="d">12186</subfield>
  </datafield>
  <datafield tag="952" ind1=" " ind2=" ">
    <subfield code="o">Mapas tur&#xED;sticos</subfield>
    <subfield code="p">MT01</subfield>
    <subfield code="y">MP</subfield>
  </datafield>
  <datafield tag="952" ind1=" " ind2=" ">
    <subfield code="o">Mapas tur&#xED;sticos</subfield>
    <subfield code="p">MT02</subfield>
    <subfield code="y">MP</subfield>
  </datafield>
  <datafield tag="952" ind1=" " ind2=" ">
    <subfield code="o">Mapas tur&#xED;sticos</subfield>
    <subfield code="p">MT03</subfield>
    <subfield code="y">MP</subfield>
  </datafield>
  <datafield tag="952" ind1=" " ind2=" ">
    <subfield code="o">Mapas tur&#xED;sticos</subfield>
    <subfield code="p">MT04</subfield>
    <subfield code="y">MP</subfield>
  </datafield>
  <datafield tag="952" ind1=" " ind2=" ">
    <subfield code="o">Mapas tur&#xED;sticos</subfield>
    <subfield code="p">MT05</subfield>
    <subfield code="y">MP</subfield>
  </datafield>
  <datafield tag="952" ind1=" " ind2=" ">
    <subfield code="o">Mapas tur&#xED;sticos</subfield>
    <subfield code="p">MT06</subfield>
    <subfield code="y">MP</subfield>
  </datafield>
  <datafield tag="952" ind1=" " ind2=" ">
    <subfield code="o">Mapas tur&#xED;sticos</subfield>
    <subfield code="p">MT07</subfield>
    <subfield code="y">MP</subfield>
  </datafield>
  <datafield tag="952" ind1=" " ind2=" ">
    <subfield code="o">Mapas tur&#xED;sticos</subfield>
    <subfield code="p">MT08</subfield>
    <subfield code="y">MP</subfield>
  </datafield>
  <datafield tag="952" ind1=" " ind2=" ">
    <subfield code="o">Mapas tur&#xED;sticos</subfield>
    <subfield code="p">MT09</subfield>
    <subfield code="y">MP</subfield>
  </datafield>
  <datafield tag="952" ind1=" " ind2=" ">
    <subfield code="o">Mapas tur&#xED;sticos</subfield>
    <subfield code="p">MT10</subfield>
    <subfield code="y">MP</subfield>
  </datafield>
  <datafield tag="952" ind1=" " ind2=" ">
    <subfield code="o">Mapas tur&#xED;sticos</subfield>
    <subfield code="p">MT11</subfield>
    <subfield code="y">MP</subfield>
  </datafield>
  <datafield tag="952" ind1=" " ind2=" ">
    <subfield code="o">Mapas tur&#xED;sticos</subfield>
    <subfield code="p">MT12</subfield>
    <subfield code="y">MP</subfield>
  </datafield>
  <datafield tag="952" ind1=" " ind2=" ">
    <subfield code="o">Mapas tur&#xED;sticos</subfield>
    <subfield code="p">MT13</subfield>
    <subfield code="y">MP</subfield>
  </datafield>
  <datafield tag="952" ind1=" " ind2=" ">
    <subfield code="o">Mapas tur&#xED;sticos</subfield>
    <subfield code="p">MT14</subfield>
    <subfield code="y">MP</subfield>
  </datafield>
  <datafield tag="952" ind1=" " ind2=" ">
    <subfield code="o">Mapas tur&#xED;sticos</subfield>
    <subfield code="p">MT15</subfield>
    <subfield code="y">MP</subfield>
  </datafield>
  <datafield tag="952" ind1=" " ind2=" ">
    <subfield code="o">Mapas tur&#xED;sticos</subfield>
    <subfield code="p">MT16</subfield>
    <subfield code="y">MP</subfield>
  </datafield>
  <datafield tag="952" ind1=" " ind2=" ">
    <subfield code="o">Mapas tur&#xED;sticos</subfield>
    <subfield code="p">MT17</subfield>
    <subfield code="y">MP</subfield>
  </datafield>
  <datafield tag="952" ind1=" " ind2=" ">
    <subfield code="o">Mapas tur&#xED;sticos</subfield>
    <subfield code="p">MT18</subfield>
    <subfield code="y">MP</subfield>
  </datafield>
</record>
